000 00454cam a2200181ua 4500
020 _c3.00
041 _aeng
_h
082 _a306
_bGRE/CO
100 _aGregg, Richard.B .
245 _aCompass for civilization /
_cB.Richard Gregg.
_hTextual Documents
250 _a1 /
_b.
260 _aAhmadabad :
_bNavajivan publishing house ,
_c1956.
300 _a278 :
_b` ; .
365 _a3.00
504 _a
942 _cBK
999 _c1772
_d1772